000 02616cam a22001934a 4500
005 20250605164409.0
008 250528s ||||||||||||||||||||||||d
035 _a24964
040 _aGR-AtMCL
_bgre
_dGR-AtMCL
_eAACR2
245 1 _aΟρθοπαιδική Αποκατάσταση στην Κλινική Π΄ραξη / Με Βιβλιογραφική Τεκμηρίωση: Δεύτερη Ελληνική Έκδοση
260 _bΚωνσταντάρας,
_c2015
300 _a588
520 _aΟ στόχος της τρίτης έκδοσης (δεύτερη ελληνική) του συγγράμματος Ορθοπαιδική Αποκατάσταση στην Κλινική Πράξη με Βιβλιογραφική Τεκμηρίωση είναι η αύξηση των πληροφοριών που παρέχονται στον επαγγελματία της υγείας που ασχολείται με τις παθήσεις του μυοσκελετικού.Το υλικό έχει διευρυνθεί σε μεγάλο βαθμό και αφορά φυσικοθεραπευτές, ορθοπαιδικούς χειρουργούς, οικογενειακούς γιατρούς, προπονητές, χειροπρακτικούς, αλλά και άλλους οι οποίοι ασχολούνται με την αντιμετώπιση των παθήσεων του μυοσκελετικού. Η πλήρης περιγραφή των τραυματισμών και των εγχειρητικών διαδικασιών είναι το πρώτο βήμα. Οι θεραπευτικοί στόχοι και οι χειρισμοί είναι το επόμενο βήμα ενώ τα πλήρη πρωτόκολλα αποκατάστασης με προσδιορισμό ακόμα και του χρόνου που πρέπει να γίνει το οτιδήποτε, δίνει στον θεραπευτή τη γνώση για μια ασφαλή και πλήρη θεραπευτική παρέμβαση. Η ορθοπαιδική αποκατάσταση του Brotzman αποτελεί εδώ και πολλά χρόνια την κοινή γλώσσα επικοινωνίας μεταξύ ιατρών, φυσικοθεραπευτών και εργοθεραπευτών στην πορεία για την ολοκληρωμένη επιστροφή του ασθενούς στην πλήρη λειτουργικότητα.
700 1 _aBrotzman Brent S
_99638
700 1 _aManske Robert C
_99639
942 _cBK
999 _c9784
_d9784